[Event "57.SMM Brixen/Milland-ASD Arci BZ 2"]
[Site "?"]
[Date "2026.01.24"]
[Round "6.3"]
[White "Addante, Francesco"]
[Black "Paulmichl, Martin"]
[Result "1-0"]
[WhiteElo "1874"]
[BlackElo "1943"]
[PlyCount "37"]
[EventDate "2026.??.??"]
[SourceVersionDate "2026.01.25"]

{[%evp 0,37,19,19,72,34,33,35,29,14,10,32,24,12,31,33,20,19,44,25,63,72,74,53,57,30,8,14,0,15,16,-19,858,947,947,947,947,947,919,938]} 1. Nf3 f5 2. d3 Nc6 3. d4 e6 4. g3 Nf6 5. Bg2 Be7 6. c4 d6 7. Nc3 O-O 8. O-O Qe8 9. a3 Bd8 10. b4 e5 11. d5 Ne7 12. e4 fxe4 13. Ng5 Bg4 14. Qc2 Nf5 15. Ncxe4 Nd4 16. Nxf6+ Rxf6 17. Qxh7+ Kf8 18. Qh8+ Ke7 19. Qxg7+ 1-0

[Event "57.SMM Brixen/Milland-ASD Arci BZ 2"]
[Site "?"]
[Date "2026.01.24"]
[Round "6.4"]
[White "Zuna, Lavdosh"]
[Black "Reyna Hernandez, Sandor"]
[Result "1/2-1/2"]
[WhiteElo "1937"]
[BlackElo "1905"]
[PlyCount "95"]
[EventDate "2026.??.??"]
[SourceVersionDate "2026.01.25"]

{[%evp 0,95,19,19,19,-26,-17,-17,-10,-53,5,-8,-9,7,0,-13,0,-17,-22,-36,-29,-31,-26,-36,-43,-36,-29,-29,-33,-31,-32,-32,-14,-46,-46,-84,-110,-119,-58,-74,-44,-29,-23,-33,-40,-22,-22,-121,-9,-8,-29,-22,46,-11,-32,-29,-35,-76,-84,-81,-31,-36,-27,-71,-21,-35,-16,-21,-25,0,0,-15,-12,-8,0,-12,0,0,0,0,0,0,0,-10,-10,-22,0,0,0,0,0,0,-14,-61,-66,-57,-64,-74]} 1. d4 Nf6 2. g3 d5 3. Bg2 Bf5 4. c4 c6 5. Nc3 e6 6. Nf3 Nbd7 7. O-O h6 8. Re1 Be7 9. h3 O-O 10. g4 Bg6 11. Qb3 Qc7 12. g5 hxg5 13. Bxg5 Rfe8 14. Rac1 Qb6 15. c5 Qc7 16. Nh4 Bh7 17. f4 Rab8 18. Qa4 a6 19. Nf3 Ne4 20. Bxe7 Rxe7 21. e3 f6 22. Nxe4 Bxe4 23. Nh4 Bxg2 24. Nxg2 g5 25. Qd1 Rh7 26. Qg4 f5 27. Qf3 Qd8 28. fxg5 Qxg5 29. Qf4 Qxf4 30. Nxf4 Kf7 31. Rc2 Rh6 32. Rf1 Nf6 33. Rg2 Ne4 34. Kh2 Rg8 35. Rfg1 Rxg2+ 36. Rxg2 Nf6 37. Kg1 Ne4 38. a3 Nf6 39. Kf1 Nd7 40. b4 e5 41. dxe5 Nxe5 42. Rg5 Kf6 43. Rg8 Rh7 44. Ke2 Nc4 45. Rf8+ Rf7 46. Rg8 Nxa3 47. Rg6+ Ke7 48. Kd3 1/2-1/2

[Event "57.SMM Brixen/Milland-ASD Arci BZ 2"]
[Site "?"]
[Date "2026.01.24"]
[Round "6.5"]
[White "De Nisi, Roberta"]
[Black "Wisthaler, Lukas"]
[Result "1/2-1/2"]
[WhiteElo "1844"]
[BlackElo "1907"]
[PlyCount "91"]
[EventDate "2026.??.??"]
[SourceVersionDate "2026.01.25"]

{[%evp 0,91,19,19,19,-7,25,20,35,18,38,25,33,22,25,24,25,33,17,26,43,25,41,38,46,46,40,42,59,54,64,42,387,6,90,3,9,9,-6,-71,-15,-32,-17,-23,-18,-69,-51,-124,-24,-29,-29,-51,-34,-54,52,60,83,96,93,-23,0,-23,-23,-19,-19,-24,-24,-24,-25,-25,-21,-23,-24,-24,-25,-20,-20,-25,-27,-27,-9,-6,0,0,0,-29,-25,-32,-25,-25,-25,-25,-25,-51]} 1. d4 d5 2. c4 c6 3. cxd5 cxd5 4. Nc3 Nf6 5. Nf3 e6 6. Bg5 Be7 7. e3 O-O 8. Bd3 Nc6 9. O-O Bd7 10. a3 Rc8 11. Rc1 Na5 12. Ne5 a6 13. f4 Nc4 14. Qe2 b5 15. f5 Nd6 16. Bxf6 Bxf6 17. Nxd7 Qxd7 18. Qg4 Nc4 19. fxe6 fxe6 20. Nd1 Qe7 21. Rc2 Bg5 22. Rxf8+ Rxf8 23. Rf2 g6 24. Rxf8+ Kxf8 25. Kf2 Kf7 26. Ke2 e5 27. Qf3+ Kg7 28. Qxd5 exd4 29. Qxd4+ Bf6 30. Qe4 Qxe4 31. Bxe4 Nxb2 32. Nxb2 Bxb2 33. Bb7 a5 34. Ba6 Bxa3 35. Bxb5 Kf6 36. Kd3 Ke5 37. Bc4 Bc5 38. Bg8 h6 39. Bf7 Kf6 40. Be8 h5 41. h3 h4 42. Ke4 g5 43. Bd7 Ke7 44. Bb5 Kd6 45. Ba4 Bb6 46. Bb3 1/2-1/2

[Event "57.SMM Brixen/Milland-ASD Arci BZ 2"]
[Site "?"]
[Date "2026.01.24"]
[Round "6.6"]
[White "Hellweg, Stephan"]
[Black "Mantuano, Nathan"]
[Result "0-1"]
[WhiteElo "1811"]
[BlackElo "1650"]
[PlyCount "76"]
[EventDate "2026.??.??"]
[SourceVersionDate "2026.01.25"]

{[%evp 0,76,19,32,67,57,58,44,37,37,35,35,36,40,42,56,47,8,33,37,45,29,44,19,28,1,34,18,9,15,43,-72,-58,-24,7,-80,-71,-80,-15,-10,-8,8,17,17,45,57,61,-14,-17,-13,-22,-84,-78,-143,-137,-140,-140,-143,-151,-143,-146,-146,-142,-150,-142,-167,-160,-178,-186,-199,-199,-189,-160,-203,-212,-209,-212,-236,-236]} 1. e4 c6 2. d4 d5 3. Nc3 dxe4 4. Nxe4 Nf6 5. Nxf6+ exf6 6. Nf3 Bd6 7. Bd3 O-O 8. Be3 Re8 9. O-O Nd7 10. c3 Nf8 11. Qc2 Qa5 12. Rfe1 Bg4 13. Nd2 Qh5 14. Nf1 Ng6 15. Bxg6 hxg6 16. Qd2 Be6 17. Ng3 Qh4 18. Nf1 Bd5 19. f3 Bc4 20. Bf2 Qh5 21. Bg3 Bxf1 22. Bxd6 Bc4 23. Rxe8+ Rxe8 24. b3 Re2 25. Qd1 Qg5 26. Bg3 Qe3+ 27. Kh1 Bd5 28. Qc1 Qd3 29. Qf1 Qxc3 30. Qxe2 Qxa1+ 31. Be1 Qxd4 32. Bg3 a5 33. h3 a4 34. Bf2 Qb4 35. Be1 Qf4 36. Bd2 Qd4 37. bxa4 Qxa4 38. Qe8+ Kh7 0-1

[Event "57.SMM Klausen-ASD Arci BZ"]
[Site "?"]
[Date "2026.01.24"]
[Round "6.1"]
[White "Seresin, Francesco"]
[Black "Schacher, Gerd"]
[Result "1-0"]
[WhiteElo "2309"]
[BlackElo "2255"]
[PlyCount "77"]
[EventDate "2025.11.08"]

{[%evp 0,77,19,27,17,-4,14,17,0,13,4,18,42,36,50,38,35,13,16,4,17,16,13,6,16,-1,13,24,17,15,53,0,101,-25,42,52,100,100,74,168,168,178,198,220,242,267,300,222,221,228,228,208,199,189,236,233,237,237,225,197,214,185,189,206,195,196,242,262,294,263,272,293,294,299,299,319,299,292,326,343]} 1. Nf3 Nf6 2. g3 g6 3. Bg2 Bg7 4. O-O O-O 5. d4 d6 6. Nc3 Nbd7 7. a4 c5 8. e4 cxd4 9. Nxd4 Nc5 10. h3 Bd7 11. Be3 Rc8 12. Qd2 Re8 13. Rfd1 Qa5 14. g4 Bc6 15. Nxc6 bxc6 16. Rab1 Rb8 17. e5 Nfd7 18. exd6 Rxb2 19. Nd5 Qxd2 20. Nxe7+ Kh8 21. Bxd2 Rxb1 22. Rxb1 Be5 23. Bxc6 Bxd6 24. Bc3+ f6 25. Bxd7 Nxd7 26. Rd1 Be5 27. Rxd7 Bxc3 28. Rxa7 Rd8 29. Rc7 Rd1+ 30. Kg2 Be1 31. f4 Rd2+ 32. Kf3 Rh2 33. Nd5 Rxh3+ 34. Kg2 Rg3+ 35. Kf1 Bd2 36. Nxf6 Rh3 37. Kg2 Rh2+ 38. Kf3 Rh3+ 39. Ke4 1-0

[Event "57.SMM Klausen-ASD Arci BZ"]
[Site "?"]
[Date "2026.01.24"]
[Round "6.2"]
[White "Seebacher, Michael"]
[Black "Olivetti, Davide"]
[Result "1/2-1/2"]
[WhiteElo "2110"]
[BlackElo "2221"]
[PlyCount "70"]
[EventDate "2025.11.08"]

{[%evp 0,70,36,17,14,-19,47,27,32,37,34,19,19,1,-5,4,-8,-18,9,-14,32,28,22,-11,-18,65,65,66,116,108,109,109,116,129,121,121,184,175,188,163,178,164,176,114,118,125,113,105,105,89,102,99,94,66,79,65,54,63,56,56,149,62,101,77,78,0,0,0,0,0,0,0,0]} 1. d4 Nf6 2. c4 g6 3. Nc3 Bg7 4. e4 d6 5. f3 O-O 6. Be3 c5 7. Nge2 Nc6 8. Qd2 Qa5 9. O-O-O e6 10. Kb1 d5 11. cxd5 exd5 12. Nxd5 Nxd5 13. Qxa5 Nxe3 14. Qd2 Nxd1 15. Qxd1 Nxd4 16. Nxd4 Bxd4 17. Bc4 b5 18. Bd5 Rb8 19. h4 Bb7 20. Bxb7 Rxb7 21. b4 Rd8 22. bxc5 Rc7 23. h5 Rxc5 24. h6 Rc4 25. Qd2 Bf6 26. Qa5 Rdc8 27. Rd1 Be7 28. a3 b4 29. Qxa7 Bg5 30. a4 Bxh6 31. Qe7 Bf8 32. Rd8 Rc1+ 33. Kb2 R1c2+ 34. Kb3 R2c3+ 35. Kb2 Rc2+ 1/2-1/2

[Event "57.SMM Klausen-ASD Arci BZ"]
[Site "?"]
[Date "2026.01.24"]
[Round "6.3"]
[White "Perino, Alberto"]
[Black "Seebacher, Reinhard"]
[Result "1-0"]
[WhiteElo "2022"]
[BlackElo "1927"]
[PlyCount "119"]
[EventDate "2025.11.08"]

{[%evp 0,119,17,23,69,69,67,76,58,33,33,44,16,37,34,49,61,59,59,42,55,45,66,58,52,42,45,31,38,32,25,26,44,44,33,50,73,59,121,96,96,98,91,91,91,91,91,92,92,99,99,99,99,100,107,101,88,77,99,71,75,73,73,103,53,37,37,38,24,20,28,0,95,67,104,23,58,34,58,75,62,67,78,71,70,77,78,80,80,82,56,60,60,66,108,108,104,103,108,82,102,143,146,112,132,152,212,221,255,256,295,338,307,338,485,485,485,485,507,485,507,485]} 1. e4 c6 2. d4 d5 3. exd5 cxd5 4. Bd3 Nf6 5. c3 Nc6 6. Bf4 Bg4 7. Qb3 Qc8 8. Nd2 e6 9. Ngf3 Be7 10. O-O O-O 11. Qc2 Rd8 12. Rae1 Bh5 13. a3 Bg6 14. Bxg6 hxg6 15. Qd3 Na5 16. Ng5 Nc4 17. Nxc4 dxc4 18. Qh3 Nh5 19. g4 Bxg5 20. Bxg5 Rd5 21. Qh4 Nf6 22. Bxf6 gxf6 23. Qxf6 Qd8 24. Qxd8+ Raxd8 25. f4 Kg7 26. Kg2 b5 27. Rf2 a5 28. Rfe2 Rb8 29. Re5 b4 30. Rxd5 exd5 31. axb4 axb4 32. g5 bxc3 33. bxc3 Rb2+ 34. Kg3 Rc2 35. Re3 Rd2 36. h4 Rd1 37. Kg4 Rg1+ 38. Rg3 Rf1 39. h5 gxh5+ 40. Kf5 Rd1 41. Rh3 Rd3 42. Rxh5 Rxc3 43. Ke5 Rc1 44. Rh6 c3 45. Rc6 c2 46. Kxd5 Rf1 47. Rxc2 Rxf4 48. Re2 Rg4 49. Re5 f6 50. gxf6+ Kxf6 51. Re1 Rg2 52. Kd6 Rf2 53. d5 Rf3 54. Kc7 Rc3+ 55. Kd7 Rf3 56. d6 Kf7 57. Kc7 Rc3+ 58. Kd8 Rf3 59. d7 Rf2 60. Re4 1-0

[Event "57.SMM Klausen-ASD Arci BZ"]
[Site "?"]
[Date "2026.01.24"]
[Round "6.4"]
[White "Schrott, Karl"]
[Black "De Vita, Gianni"]
[Result "0-1"]
[WhiteElo "1945"]
[BlackElo "1968"]
[PlyCount "106"]
[EventDate "2025.11.08"]

{[%evp 0,106,14,14,27,-10,42,30,31,5,43,43,40,50,39,30,30,4,4,-16,-25,-29,-36,-45,-45,-59,-40,-71,-25,-33,-79,-78,-104,-79,-85,-128,-111,-131,-121,-120,-88,-73,-94,-126,-126,-127,-79,-69,-80,-80,-74,-89,-84,-87,-82,-84,-79,-86,-95,-86,-82,-86,-87,-87,-75,-107,-108,-107,-115,-110,-104,-104,-104,-117,-110,-118,-110,-125,-110,-117,-134,-129,-134,-134,-119,-134,-134,-134,-117,-117,-117,-95,-110,-144,-138,-148,-112,-96,-116,-114,-118,-118,-118,-175,-165,-176,-176,-459,-496]} 1. d4 d5 2. c4 c6 3. Nf3 Nf6 4. Nc3 e6 5. e3 Bd6 6. Bd3 Nbd7 7. O-O O-O 8. cxd5 exd5 9. Bd2 Re8 10. Qc2 Qe7 11. Ne2 Ne4 12. Bc3 Ndf6 13. Ng3 h5 14. Bxe4 dxe4 15. Ne5 h4 16. Ne2 Nd5 17. b3 Nxc3 18. Qxc3 Bxe5 19. dxe5 Qxe5 20. Qxe5 Rxe5 21. Rfd1 Bg4 22. Kf1 Rc5 23. h3 Bxe2+ 24. Kxe2 Rc2+ 25. Rd2 Rxd2+ 26. Kxd2 Rd8+ 27. Ke2 Kf8 28. Rc1 Ke7 29. Rc4 f5 30. f3 exf3+ 31. gxf3 g5 32. Rc1 Kf6 33. a4 a5 34. Rc5 Rd5 35. Rc4 c5 36. Rc1 b6 37. Rc4 Rd7 38. Rc1 Kg6 39. Rg1 Kh5 40. Rf1 Rd6 41. Rg1 Rd7 42. Rf1 Kg6 43. Rc1 Kf6 44. Rg1 Rb7 45. Rd1 b5 46. Rc1 bxa4 47. bxa4 Rb4 48. Rxc5 Rxa4 49. Kd3 Ra1 50. Rc6+ Ke5 51. Rg6 a4 52. Rxg5 a3 53. Kc2 Re1 0-1

[Event "57.SMM Klausen-ASD Arci BZ"]
[Site "?"]
[Date "2026.01.24"]
[Round "6.5"]
[White "Adzic, Ranko"]
[Black "Senn, Stefan"]
[Result "1-0"]
[WhiteElo "1960"]
[BlackElo "1650"]
[PlyCount "83"]
[EventDate "2025.11.08"]

{[%evp 0,83,17,18,69,58,58,36,36,25,42,37,51,41,39,28,31,25,43,36,47,39,30,34,57,30,40,27,11,-29,-25,-81,-69,-77,-84,-179,-109,-103,-104,-122,-55,-48,-30,-8,42,29,50,50,61,22,27,-15,-21,-8,0,-33,-42,-51,53,121,120,158,176,0,0,-35,215,123,417,143,421,581,29989,527,1082,523,1402,1503,2271,767,29995,-29997,29995,29996,29997,29998]} 1. e4 c6 2. d4 d5 3. Nc3 dxe4 4. Nxe4 Bf5 5. Ng3 Bg6 6. Nf3 e6 7. Bd3 Nf6 8. O-O Be7 9. Re1 Bxd3 10. Qxd3 O-O 11. Bf4 Nd5 12. Bxb8 Qxb8 13. Ne5 Qc7 14. Re4 Rad8 15. Rae1 f5 16. R4e2 Nf4 17. Qb3 Nxe2+ 18. Nxe2 Rf6 19. c3 c5 20. Nf4 Rd6 21. Qc4 Ra6 22. b4 g5 23. Nfd3 Ra3 24. dxc5 a6 25. Nf3 b5 26. Qd4 g4 27. Nfe5 Rxa2 28. Qe3 Kg7 29. Nf4 a5 30. Nh5+ Kg8 31. Nxf6+ Bxf6 32. Nd3 Qa7 33. Nf4 Bg5 34. g3 e5 35. Qxe5 axb4 36. cxb4 Bxf4 37. Qxf4 Rd2 38. Qg5+ Kf7 39. Qh6 Kg8 40. c6 Qd4 41. Re8+ Kf7 42. Qe6+ 1-0

[Event "57.SMM Klausen-ASD Arci BZ"]
[Site "?"]
[Date "2026.01.24"]
[Round "6.6"]
[White "Schrott, Johann"]
[Black "Benvenuto, Alexander"]
[Result "1/2-1/2"]
[WhiteElo "1888"]
[BlackElo "1805"]
[PlyCount "84"]
[EventDate "2025.11.08"]

{[%evp 0,84,26,11,9,25,28,24,31,29,39,15,26,10,20,17,23,17,16,-6,18,-18,24,-4,80,-2,18,4,4,0,0,0,29,26,33,38,48,20,116,117,200,193,190,-20,-71,-138,-138,-138,39,126,174,119,133,-34,0,-76,19,-50,152,-14,1,-1257,150,-1172,1121,-33,950,4,1120,-6,0,0,36,-27,27,0,5,-95,-60,-126,0,-152,-133,-169,-119,-119,-44]} 1. e4 e5 2. Nf3 Nc6 3. Nc3 Nf6 4. Bc4 Be7 5. d3 d6 6. h3 O-O 7. O-O a6 8. a4 h6 9. Be3 Bd7 10. Ne2 Qc8 11. Ng3 Nd8 12. Nh2 b5 13. axb5 axb5 14. Rxa8 Qxa8 15. Bb3 Qc8 16. f4 exf4 17. Rxf4 Ne6 18. Rf1 c5 19. Nf5 Re8 20. Nxe7+ Rxe7 21. Bxh6 c4 22. Ba2 Qc5+ 23. Kh1 gxh6 24. Rxf6 Qg5 25. Rf5 Qg7 26. Rf2 Qxb2 27. Bb1 Nc5 28. Kg1 Qe5 29. Qf3 d5 30. Qg3+ Kf8 31. Nf3 Qd4 32. e5 cxd3 33. cxd3 Nxd3 34. Bxd3 Qxd3 35. Rd2 Qe3+ 36. Kh2 Be6 37. Rd4 Rc7 38. Qh4 Ke8 39. Qf6 Rc4 40. Rd2 b4 41. Qh8+ Ke7 42. Qb8 b3 1/2-1/2

[Event "57.SMM B Sterzing/Rid-Team Sparkasse"]
[Site "?"]
[Date "2026.01.17"]
[Round "6.1"]
[White "Valente, Luca"]
[Black "Haller, Quentin"]
[Result "1-0"]
[WhiteElo "1883"]
[BlackElo "2082"]
[PlyCount "81"]
[EventDate "2026.??.??"]

{[%evp 0,81,19,31,72,53,53,22,25,22,-8,-9,-16,-8,10,6,-5,-2,-6,-13,5,-17,5,-33,20,14,-8,-18,13,-60,-16,-74,-18,-39,-6,-27,4,-32,5,-31,7,7,35,43,255,-96,31,29,41,34,56,55,58,63,126,106,159,157,170,207,219,111,234,227,249,249,280,277,277,267,301,301,371,421,445,250,388,294,438,294,898,910,1526,1585]} 1. e4 c5 2. Nf3 e6 3. d3 Nc6 4. g3 d5 5. Qe2 Nf6 6. Bg2 Be7 7. O-O O-O 8. e5 Nd7 9. c4 d4 10. Re1 a6 11. h4 Re8 12. Nbd2 b5 13. b3 Bb7 14. Nf1 Bf8 15. h5 f6 16. exf6 gxf6 17. N1h2 Kh8 18. Nh4 Qe7 19. Ng4 f5 20. Nh6 Nde5 21. Bf4 Nf7 22. Qd2 Nxh6 23. Bxh6 Qf6 24. Bxf8 Qxf8 25. Rac1 b4 26. Re2 Qf6 27. Qf4 Rad8 28. Rce1 Re7 29. Nxf5 e5 30. Qg4 Rg8 31. Qh4 Qxf5 32. Bxc6 Bxc6 33. Qxe7 Qf3 34. Qxe5+ Rg7 35. Re4 Bxe4 36. Rxe4 h6 37. Qf4 Qxh5 38. Re6 Kg8 39. Qe4 Rf7 40. Rg6+ Rg7 41. Qe8+ 1-0

[Event "57.SMM B Richter/Lask 2-Kaltern/Tramin2"]
[Site "?"]
[Date "2026.01.24"]
[Round "6.1"]
[White "Unterkofler, Alex"]
[Black "Fongarolli, Diego"]
[Result "1/2-1/2"]
[WhiteElo "1869"]
[BlackElo "1935"]
[PlyCount "44"]
[EventDate "2026.??.??"]

{[%evp 0,44,27,19,41,-8,5,-26,-8,-29,26,27,33,7,21,40,33,22,22,25,11,15,15,-21,-26,-27,-27,-29,-39,-21,25,-16,11,10,14,-21,29,26,35,3,7,9,15,13,13,4,-1]} 1. e4 c5 2. c3 d5 3. exd5 Qxd5 4. d4 e6 5. Nf3 Nf6 6. Be2 Be7 7. O-O O-O 8. Ne5 cxd4 9. cxd4 Rd8 10. Be3 Nc6 11. Bf3 Qd6 12. Nxc6 bxc6 13. Nc3 Ba6 14. Re1 Bc4 15. Qd2 Bd5 16. Bf4 Qd7 17. Nxd5 cxd5 18. Rac1 Rdc8 19. Rxc8+ Rxc8 20. Rc1 Bd8 21. Rxc8 Qxc8 22. Qc1 Qxc1+ 1/2-1/2

[Event "57.SMM B Richter/Lask 2-Kaltern/Tramin2"]
[Site "?"]
[Date "2026.01.24"]
[Round "6.5"]
[White "Leimgruber, Erich"]
[Black "Unterweger, Christian"]
[Result "0-1"]
[WhiteElo "1753"]
[BlackElo "1794"]
[PlyCount "60"]
[EventDate "2026.??.??"]

{[%evp 0,60,27,21,21,32,18,2,38,7,19,-35,-32,-61,-69,-73,-71,-136,-94,-91,-91,-95,-46,-118,-121,-149,-142,-146,-118,-105,-94,-125,-107,-132,-115,-138,-87,-128,-128,-124,-98,-74,-117,-111,-111,-168,-166,-133,-127,-128,-110,-114,-105,-149,-62,-78,-84,-81,-99,-178,-135,-785,-779]} 1. e4 e5 2. Nf3 Nc6 3. Bc4 Bc5 4. O-O Nf6 5. c3 Nxe4 6. d4 d5 7. Bb3 exd4 8. Nxd4 O-O 9. Be3 Bb6 10. Nd2 Re8 11. N2f3 Bg4 12. Qd3 Nc5 13. Nxc6 bxc6 14. Bxc5 Bxc5 15. Rfe1 Qf6 16. Bc2 g6 17. Nd4 Bd6 18. h3 Bd7 19. Qf3 Qg5 20. Ba4 Qd2 21. Reb1 Rab8 22. b3 Rb6 23. Rd1 Qg5 24. b4 Qe5 25. g3 h5 26. Re1 Qg7 27. Rxe8+ Bxe8 28. Re1 Bd7 29. h4 Bxb4 30. Re7 Bxe7 0-1

[Event "57.SMM B SC Taufers-ASD Arci BZ 3"]
[Site "?"]
[Date "2026.01.24"]
[Round "6.1"]
[White "Niederstätter, Harald"]
[Black "Balzarini, Franco"]
[Result "0-1"]
[WhiteElo "1876"]
[BlackElo "1890"]
[PlyCount "51"]
[SourceVersionDate "2026.01.25"]

1. c4 c5 2. g3 g6 3. Bg2 Bg7 4. Nf3 Nc6 5. Nc3 Nf6 6. O-O O-O 7. d4 cxd4 8. Nxd4 Nxd4 9. Qxd4 d6 10. Qd2 a6 11. b3 Rb8 12. Bb2 Be6 13. Rac1 b5 14. cxb5 axb5 15. Rfd1 Qb6 16. e3 Rfc8 17. Ne2 Bg4 18. h3 Bxe2 19. Qxe2 Qa5 20. Rxc8+ Rxc8 21. Ra1 b4 22. Qd2 Qf5 23. Rc1 Rxc1+ 24. Qxc1 Nd7 25. Qc8+ Nf8 26. Bxg7 0-1

[Event "57.SMM B SC Taufers-ASD Arci BZ 3"]
[Site "?"]
[Date "2026.01.24"]
[Round "6.4"]
[White "Kugler, Walter"]
[Black "D'Ambrosio, Luca"]
[Result "1-0"]
[WhiteElo "1766"]
[BlackElo "1849"]
[PlyCount "41"]
[SourceVersionDate "2026.01.25"]

1. e4 Nf6 2. e5 Nd5 3. Nc3 Nxc3 4. bxc3 d6 5. f4 g6 6. Nf3 Bg7 7. d4 O-O 8. Bd3 e6 9. Be3 Nc6 10. h4 f6 11. exf6 Qxf6 12. h5 Ne7 13. hxg6 hxg6 14. Ng5 Re8 15. Qf3 Nd5 16. Kd2 Nxe3 17. Qxe3 c5 18. Nh7 Qf7 19. Raf1 b6 20. Qg3 Re7 21. Bxg6 1-0

[Event "57.SMM B Gröden 2-CSK Merania 2"]
[Site "?"]
[Date "2026.01.24"]
[Round "6.2"]
[White "Casadio, Lorenzo"]
[Black "Unterberger, Celina Valeria"]
[Result "1-0"]
[WhiteElo "1878"]
[BlackElo "1673"]
[PlyCount "117"]
[EventDate "8.??.??"]
[SourceVersionDate "2026.01.26"]

{[%evp 0,12,20,19,19,18,18,-16,21,1,6,-26,22,7,78]} 1. Nf3 Nc6 2. d4 d5 3. c4 Bg4 4. e3 e6 5. Be2 Nge7 6. O-O g6 7. h3 Bxf3 8. Bxf3 Bg7 9. Nc3 O-O 10. cxd5 Nxd5 11. Nxd5 exd5 12. Qb3 Ne7 13. Qxb7 Qd6 14. Qb5 c6 15. Qa5 Nf5 16. b3 Rfc8 17. Ba3 Qe6 18. Bg4 h5 19. Bxf5 Qxf5 20. Rac1 Rab8 21. Qd2 Bh6 22. Qe2 Qe4 23. Bd6 Ra8 24. Rc3 Qe6 25. Bg3 Bg7 26. Qc2 a5 27. Rc1 Ra6 28. Qd3 Rca8 29. Qc2 Rc8 30. Qe2 Rca8 31. Qf3 Bf8 32. Be5 Bb4 33. Rd3 c5 34. Qf4 f6 35. Bc7 g5 36. Qf3 Rc8 37. Bh2 c4 38. bxc4 dxc4 39. d5 Qf7 40. Rdd1 c3 41. Qf5 Raa8 42. Rc2 Rc5 43. f4 Rd8 44. e4 Qa7 45. Qg6+ Qg7 46. Qxh5 Rc4 47. Qe2 Qa7+ 48. Kh1 Rd4 49. Rxd4 Qxd4 50. Bg1 Qd2 51. Rxd2 cxd2 52. Be3 Rc8 53. Bxd2 Rc2 54. a3 Rxd2 55. Qe1 Bc3 56. Qc1 Rd3 57. fxg5 Be5 58. gxf6 Kf7 59. Kg1 1-0

[Event "57.SMM B Gröden 2-CSK Merania 2"]
[Site "?"]
[Date "2026.01.24"]
[Round "6.3"]
[White "Götsch, Thomas"]
[Black "Alam, Syed Mahbubul"]
[Result "0-1"]
[WhiteElo "1699"]
[BlackElo "1947"]
[PlyCount "102"]
[EventDate "8.??.??"]
[SourceVersionDate "2026.01.26"]

{[%evp 0,82,20,20,20,29,65,50,35,22,22,-6,8,-7,4,-5,22,18,36,46,42,48,48,53,76,72,72,72,72,65,54,13,25,23,31,6,33,37,26,3,-1,11,21,16,16,5,23,-43,-60,-42,-4,4,4,0,19,0,20,-10,-10,-88,-91,-88,-86,-104,-102,-130,-130,-128,-161,-231,-237,-237,-226,-308,-303,-322,-322,-328,-328,-329,-230,-391,-391,-397,-392]} 1. d4 Nf6 2. Nf3 g6 3. c4 Bg7 4. Nc3 d6 5. e3 O-O 6. Bd3 c5 7. O-O Nc6 8. d5 Nb4 9. Bb1 Bg4 10. a3 Na6 11. h3 Bd7 12. Bd3 Nc7 13. e4 Rb8 14. a4 Na6 15. Nb5 Ra8 16. Qe2 Nb4 17. Bb1 Bxb5 18. axb5 Nd7 19. Nd2 a6 20. bxa6 Rxa6 21. Rxa6 bxa6 22. f4 Qa5 23. Nf3 Qa1 24. Bd3 Nxd3 25. Qxd3 Bxb2 26. Bxb2 Qxb2 27. Rb1 Qa2 28. Rb7 Qa4 29. Qb3 Qxb3 30. Rxb3 Rb8 31. Ra3 Rb1+ 32. Kf2 Rb2+ 33. Ke3 Nb6 34. Kd3 Rxg2 35. Rxa6 Rg3 36. Rxb6 Rxf3+ 37. Ke2 Rxf4 38. Ke3 Rh4 39. e5 dxe5 40. Rb8+ Kg7 41. Rb7 Rxc4 42. Rxe7 Rd4 43. Rxe5 Kf6 44. Re8 Rxd5 45. Rh8 Rh5 46. Re8 Rxh3+ 47. Kf4 Rh4+ 48. Kg3 Rc4 49. Rh8 h5 50. Rd8 Kg5 51. Rd5+ f5 0-1

[Event "57.SMM B Brixen/Milland 2-Naturns"]
[Site "?"]
[Date "2026.01.24"]
[Round "6.1"]
[White "Gurschler, Gregor"]
[Black "Pfeifhofer, Helmuth"]
[Result "0-1"]
[WhiteElo "1827"]
[BlackElo "1804"]
[PlyCount "84"]
[EventDate "2026.??.??"]

{[%evp 0,84,19,-12,-27,-54,28,1,-12,-12,60,54,36,54,52,-10,-19,-13,-13,-17,9,-18,-9,-11,-16,-42,-71,-106,0,-63,-40,-103,-134,-101,-150,-119,-118,-157,-46,-31,-51,-169,-170,-127,-184,-184,-45,-135,-165,-163,146,-416,-427,-416,-423,-454,-408,-402,-402,-814,-883,-1308,-724,-881,-601,-681,-700,-922,-933,-951,-1179,-1416,-1644,-1820,-1487,-1962,-390,-457,-547,-782,-764,-768,-826,-826,-641,-29995,-484]} 1. c4 e5 2. g3 f5 3. d3 Nf6 4. Nc3 c6 5. Nf3 d6 6. Bg2 Be7 7. e4 fxe4 8. dxe4 O-O 9. O-O Nbd7 10. b3 Nc5 11. Qc2 Bg4 12. b4 Ne6 13. Ne2 Nh5 14. Qd3 Nf6 15. a4 a5 16. b5 Nc5 17. Qe3 Nfxe4 18. Nxe5 Bxe2 19. Qxe2 dxe5 20. Bxe4 Qd4 21. Ba3 Nxe4 22. Bxe7 Rf7 23. Ba3 Rxf2 24. Rxf2 Nxf2 25. Ra2 Ne4+ 26. Kg2 Nc3 27. Qf2 Nxa2 28. Qxa2 Qe4+ 29. Kg1 Rd8 30. c5+ Rd5 31. bxc6 bxc6 32. Qb3 h5 33. Bb2 Qe1+ 34. Kg2 Qe2+ 35. Kh3 Kh7 36. Bc3 Qg4+ 37. Kg2 h4 38. Qc2+ e4 39. Qf2 h3+ 40. Kg1 Rd1+ 41. Be1 Ra1 42. Qd2 Qd1 0-1